000 00978nam a22002297a 4500
005 20170707111644.0
010 _a1617EN
020 _a9788125916543
_c475.00
035 _aB-654448-461
035 _aB-667880
037 _adpl
_bTechniz
100 _aGupta, C.B.
245 _aIntroduction to statistical methods /
_cby C.B. Gupta [and] Vijay Gupta
250 _a23rd rev. ed
260 _aNoida
_bVikas Publishing House
_c2015 (repr.)
270 _aE-28, Sector-8,
_bNoida
_e201301
300 _ax,829p.
_c19cm(pbk)
700 _aGupta, Vijay
942 _2ddc
_cEN
_mGUP
_h311.2
999 _c102266
_d102266